| 000 | 00436nam a2200181Ia 4500 | ||
|---|---|---|---|
| 008 | 240510s9999 xx 000 0 und d | ||
| 020 | _a0000135668603 | ||
| 041 | _aEng | ||
| 082 | _a004.16 | ||
| 082 | _bM16 | ||
| 245 | 0 | _aMC 68020 32 - Bit Microprocessor user's manual | |
| 250 | _a2nd ed. | ||
| 260 | _bPrentice-Hall , Englewood-Chiffs, NJ | ||
| 260 | _c1985 | ||
| 650 | _aMicroprocessors | ||
| 942 | _2ddc | ||
| 942 | _cLBK | ||
| 999 |
_c24764 _d24764 |
||
| 945 |
_a1 _bMadushi Gamage _c1 _dMadushi Gamage |
||